000 00584nam a2200217 a 4500
008
020 _a0435510746 (pbk.)
049 _aMAIN
090 _aQA801
_bHEB
100 1 _aHebborn, John
245 1 0 _aMechanics 1/
_cJohn Hebborn, Jean Littlewood and Fred Norton.
260 _aOxford :
_bHeineman,
_c1994
300 _aVI,176 p. :
_bc26 cm.
500 _aIncludes index.
650 1 _aMechanics.
907 _a.b10164959
_b14-06-13
_c13-06-05
003
005 20230123134017.0
040 _cNUST
942 _cBOOKS
_kQA801
_mHEB
999 _c158456
_d158456